Atatürk ve eğitim (Record no. 9991)

MARC details
000 -BAŞLIK
Sabit Uzunlukta Kontrol Alanı 00761na a2200229 4500
001 - KONTROL NUMARASI
Denetim Alanı 14613
003 - KONTROL NUMARASI IDENTIFIER
Denetim Alanı MIRAKIL
005 - SON İŞLEM TARİHİ VE ZAMANI
Denetim Alanı 20181213155303.0
008 - SABİT-BOY VERİ ELEMANLARI - GENEL BİLGİLER
Sabit Uzunlukta Kontrol Alanı 160829b tu 000 0
035 ## - SİSTEM KONTROL NUMARASI
Sistem Kontrol Numarası 14613
040 ## - KATALOGLAMA KAYNAK
Orijinal Kataloglama Ajansı Milas
Kataloglama Dili tur
Metne Dönüştürmek Ajansı TR-AnCHP
082 ## - DEWEY ONLU SINIFLANDIRMA NUMARASI
Sınıflandırma Numarası ATA 379.561092
Ürün Numarası A72 1990
090 ## - SINIFLAMA NUMARASI
Sınıflama Numarası ATA 379.561092 A72 1990
245 ## - BAŞLIK TABLOSU
Başlık Atatürk ve eğitim
Başlığın Kalan fotoğraflar - hatıralar - belgeler - kronoloji
Sorumluluk Tablosu, Vb hazırlayan Ahmet Bekir Palazoğlu
260 ## - YAYIN, DAĞITIM, VB
Yayın, Dağıtım, Vb Yeri Ankara
Yayıncı, Dağıtıcı, Vs Adı Milli Eğitim Bakanlığı
Yayın, Dağıtım, Vb Tarihi 1990
300 ## - FİZİKSEL TANIM
Kapsam 291 s.
Diğer Fiziksel Ayrıntıları fotg.
Boyutlar 29 sm.
504 ## - KAYNAKÇA VB NOT
Kaynakça Vb Notu Kaynakça var.
600 ## - KONU KATMA GİRİŞ - KURUMSAL ADI
Kişisel Ad Atatürk, Mustafa Kemal
Bir Adıyla İlişkilendirilen Tarihler 1881-1938
Genel Alt Bölümü Eğitim
650 ## - KONU KATMA GİRİŞ - TOPİKAL DÖNEM
Topikal Süreli Veya Coğrafi Ad Giriş Elemanı Eğitim
Genel Alt Bölümü Tarih
-- Resimli yapıtlar
Kronolojik Alt Bölümü 20. yüzyıl
Coğrafi Alt Bölümü Türkiye
700 ## - KATMA GİRİŞ - KİŞİSEL İSİM
Kişisel Ad Palazoğlu, Ahmet Bekir
942 ## - EKLENDİ GİRİŞ ELEMANLARI (KOHA)
Sınıflandırma Veya Raf Düzeni Kaynak Dewey Decimal Classification
Koha Öğesi Türü Books
999 ## - SİSTEM KONTROL NUMARALARI (KOHA)
Koha Biblionumber 9991
Koha Biblioitemnumber 9991
Holdings
Kalıcı Konum Mevcut Konum Edinme Tarihi Edinim Kaynak Toplam Check-Out'Lar Tam Çağrı Numarası Barkod Tarih Son Görülme İtibaren Geçerli Fiyatlar Koha Öğesi Türü
CHP Kütüphanesi CHP Kütüphanesi 08/29/2016 Bağış   ATA 379.561092 A72 1990 002629 08/29/2016 08/29/2016 Books